Catalog

Record Details

Catalog Search



Available copies

  • 2 of 2 copies available at LARL/NWRL Consortium.

Current holds

0 current holds with 2 total copies.

Show All Copies
Location Call Number / Copy Notes Barcode Shelving Location Status Due Date
Detroit Lakes Public Library SF COR (Text) 33500012614319 Main Available -
Moorhead Public Library SF COR (Text) 33500012614301 Main Available -

Record details

  • ISBN: 9780316332835 (hardcover)
  • ISBN: 0316332836 (hardcover)
  • ISBN: 9780316332859 (softcover)
  • ISBN: 0316332852 (softcover)
  • Physical Description: 549 pages ; 24 cm.
  • Publisher: New York : Orbit, 2017.

Content descriptions

Summary, etc.:
"The seventh novel in James S. A. Corey's New York ... Read More
Subject: Life on other planets > Fiction.
Space colonies > Fiction.
FICTION / Science Fiction / Adventure.
FICTION / Science Fiction / Space Opera.
Life on other planets.
Space colonies.
Genre: Science fiction.
Fiction.
Science fiction.
LDR 02870cam a22005178i 4500
001260914
003LARL_NWRL_CONSORTIUM
00520171128211504.0
008170919s2017 nyu 000 1 eng
010 . ‡a 2017042094
040 . ‡aDLC ‡beng ‡erda ‡cDLC ‡dBTCTA ‡dYDX ‡dBDX ‡dOCLCF ‡dOCLCO ‡dIWE ‡dOCJ
019 . ‡a975401133
020 . ‡a9780316332835 (hardcover)
020 . ‡a0316332836 (hardcover)
020 . ‡a9780316332859 (softcover)
020 . ‡a0316332852 (softcover)
020 . ‡z9780316478298 (special edition)
035 . ‡a(OCoLC)975485714 ‡z(OCoLC)975401133
042 . ‡apcc
08200. ‡a813/.6 ‡223
084 . ‡aFIC028010 ‡aFIC028030 ‡2bisacsh
1001 . ‡aCorey, James S. A., ‡eauthor. ‡0(LARL_NWRL_CONSORTIUM)222616
24510. ‡aPersepolis rising. ‡n#7 / ‡cJames S. A. Corey.
264 1. ‡aNew York : ‡bOrbit, ‡c2017.
300 . ‡a549 pages ; 24 cm.
336 . ‡atext ‡btxt ‡2rdacontent
337 . ‡aunmediated ‡bn ‡2rdamedia
338 . ‡avolume ‡bnc ‡2rdacarrier
4900 . ‡aExpanse ; ‡v7
520 . ‡a"The seventh novel in James S. A. Corey's New York Times bestselling Expanse series--now a major television series. AN OLD ENEMY RETURNS In the thousand-sun network of humanity's expansion, new colony worlds are struggling to find their way. Every new planet lives on a knife edge between collapse and wonder, and the crew of the aging gunship Rocinante have their hands more than full keeping the fragile peace. In the vast space between Earth and Jupiter, the inner planets and belt have formed a tentative and uncertain alliance still haunted by a history of wars and prejudices. On the lost colony world of Laconia, a hidden enemy has a new vision for all of humanity and the power to enforce it. New technologies clash with old as the history of human conflict returns to its ancient patterns of war and subjugation. But human nature is not the only enemy, and the forces being unleashed have their own price. A price that will change the shape of humanity -- and of the Rocinante -- unexpectedly and forever... Persepolis Rising is the seventh novel in the New York Times bestselling Expanse series"-- ‡cProvided by publisher.
650 0. ‡aLife on other planets ‡vFiction. ‡0(LARL_NWRL_CONSORTIUM)165926
650 0. ‡aSpace colonies ‡vFiction. ‡0(LARL_NWRL_CONSORTIUM)167437
650 7. ‡aFICTION / Science Fiction / Adventure. ‡2bisacsh
650 7. ‡aFICTION / Science Fiction / Space Opera. ‡2bisacsh
650 7. ‡aLife on other planets. ‡2fast ‡0(LARL_NWRL_CONSORTIUM)24569
650 7. ‡aSpace colonies. ‡2fast ‡0(LARL_NWRL_CONSORTIUM)31612
655 7. ‡aScience fiction. ‡2gsafd
655 7. ‡aFiction. ‡2fast
655 7. ‡aScience fiction. ‡2lcgft
901 . ‡a260914 ‡bOCoLC ‡c260914 ‡tbiblio ‡soclc

Additional Resources